000
00221 a2200109 4500
001
63113
082
_a
823COR
090
_c
37280
_d
37280
100
_a
Cornwell, P.
245
_a
Body Farm
260
_b
Warner Books
_c
1994
942
_a
NUST-CAE
_k
823COR
999
_c
298186
_d
298186